Immigration flows and regional labor market dynamics

Salvato in:
Dettagli Bibliografici
Autore principale: Gross, Dominique M.
Natura: Libro
Lingua:inglese
Pubblicazione: Washington International Monetary Fund 1998
Serie:IMF Working Paper 47
Soggetti:
Tags: Aggiungi Tag
Nessun Tag, puoi essere il primo ad aggiungerne!!

MARC

LEADER 00000nam a2200000 4500
001 c102592
005 20221221082609.3
041 0 |a eng 
044 |a US 
245 1 0 |a Immigration flows and regional labor market dynamics  |c Dominique M. Gross 
264 1 |a Washington  |b International Monetary Fund  |c 1998 
300 |a 29 s. 
490 1 |a IMF Working Paper  |v 47 
830 0 |a IMF Working Paper  |v 47 
610 2 0 |a trh práce 
610 2 0 |a zamestnanosť 
610 2 0 |a imigrácia 
610 2 0 |a regióny 
610 2 0 |a adaptabilita 
610 2 0 |a porovnanie medzinárodné 
610 2 0 |a príležitosť pracovná 
100 1 |a Gross, Dominique M.